载入...
| LEADER | 01295nam a22002297a 4500 | ||
|---|---|---|---|
| 005 | 20151215130037.0 | ||
| 008 | 100225t xxu||||| |||| 00| 0 eng d | ||
| 100 | |a Pandey, I M |9 689 | ||
| 245 | |a Financial Management/8e | ||
| 250 | |a 8th ed | ||
| 300 | |a 1226p. | ||
| 942 | |c TB |6 _ | ||
| 260 | |b Vikas |c 2001 | ||
| 999 | |c 111312 |d 111312 | ||
| 952 | |0 0 |1 5 |2 ddc |4 0 |6 _ |7 0 |9 143879 |a SMS |b SMS |c GEN |d 2010-02-25 |l 1 |p SMST12095 |r 2011-09-23 |s 2010-07-20 |w 2010-02-25 |y WR | ||
| 952 | |0 0 |1 0 |2 ddc |4 0 |6 _ |7 0 |9 143880 |a SMS |b SMS |c GEN |d 2010-02-25 |l 3 |p SMST12096 |r 2014-06-16 |s 2013-04-02 |w 2010-02-25 |y TB | ||
| 952 | |0 0 |1 0 |2 ddc |4 0 |6 _ |7 0 |9 143881 |a SMS |b SMS |c GEN |d 2010-02-25 |p SMST12097 |r 2010-02-25 |w 2010-02-25 |y TB | ||
| 952 | |0 0 |1 0 |2 ddc |4 0 |6 65815_PAN |7 0 |9 143882 |a SMS |b SMS |c GEN |d 2010-02-25 |l 4 |o 658.15 PAN |p SMST12099 |r 2015-05-12 |s 2015-01-01 |w 2010-02-25 |y TB | ||
| 952 | |0 0 |1 0 |2 ddc |4 0 |6 65815_PAN |7 0 |9 143883 |a SMS |b SMS |c GEN |d 2010-02-25 |l 5 |o 658.15 PAN |p SMST12100 |r 2015-05-14 |s 2015-05-08 |w 2010-02-25 |y TB | ||
| 952 | |0 0 |1 0 |2 ddc |4 0 |6 _ |7 0 |9 143884 |a SMS |b SMS |c GEN |d 2010-02-25 |p SMST12101 |r 2010-02-25 |w 2010-02-25 |y TB | ||
| 952 | |0 0 |1 0 |2 ddc |4 0 |6 _ |7 0 |9 143885 |a SMS |b SMS |c GEN |d 2010-02-25 |l 1 |p SMST12102 |r 2015-05-14 |s 2015-01-01 |w 2010-02-25 |y TB | ||
| 952 | |0 0 |1 5 |2 ddc |4 0 |6 _ |7 0 |9 143886 |a SMS |b SMS |c GEN |d 2010-02-25 |p SMST12104 |r 2010-02-25 |w 2010-02-25 |y WR | ||